| 000 | 00710nam a22001937a 4500 | ||
|---|---|---|---|
| 999 |
_c181539 _d181539 |
||
| 005 | 20220216161113.0 | ||
| 010 | _aENG-1299948 | ||
| 020 |
_a978-93-91211-05-9 _c1395.00 |
||
| 035 | _aEN-113480 | ||
| 037 | _bDBAD/PUB | ||
| 082 | _a346.54078 | ||
| 100 | _aMylsamy,A K | ||
| 245 |
_aSupreme Court on Insolvency and Bankruptcy code: _bAn encyclopedia of cases/ _cby AK Mylsamy,P S Suman |
||
| 260 |
_bLexis Nexis _aIndia _c2021 |
||
| 270 |
_bGurgaon _e122002 _a14th Floor , Building No 10, Tower-B, DLF Cyber City, phase -ll _k+91 124 4774444 _l+91 124 4774100 _mhelp.in@lexisnexis.com |
||
| 300 |
_alxxxii,712p. _c25cm(hbk) _bvol.1-2 |
||
| 700 | _aSuman,PS | ||
| 942 |
_2ddc _cEN _h346.54078 _mMYL |
||